000 00284nam a2200121Ia 4500
008 190216s9999||||xx |||||||||||||| ||und||
100 _aNull
245 0 _aHindi-Sahithyaparmusha Aur Naya Sanagam
260 _bPublications Division
300 _a160
650 _aHindi
942 _cBK
999 _c15839
_d15839